[Event "COL-ch U20"]
[Site "Duitama"]
[Date "2021.03.20"]
[Round "4"]
[White "Parada Beltran, Laura Valentina"]
[Black "Garcia Fonseca, Karen Geraldin"]
[Result "0-1"]
[WhiteElo "1409"]
[BlackElo "1394"]
[PlyCount "92"]
[EventDate "2021.03.18"]
[EventType "swiss"]
[EventRounds "7"]
[EventCountry "COL"]
[SourceTitle "EXT 2022"]
[Source "ChessBase"]
[SourceDate "2021.10.06"]
[SourceVersion "1"]
[SourceVersionDate "2021.10.06"]
[SourceQuality "1"]

1. d4 Nf6 2. c4 g6 3. Nc3 d5 4. cxd5 Nxd5 5. e4 Nxc3 6. bxc3 Bg7 7. Nf3 c5 8. Be3 0-0 9. Bc4 Nc6 10. h3 Qa5 11. Bd2 Rd8 12. Qb3 e6 13. 0-0 cxd4 14. cxd4 Nxd4 15. Bxa5 Nxb3 16. Bxd8 Nxa1 17. Rd1 b6 18. Be7 Bb7 19. Nd2 Rc8 20. f4 Nc2 21. e5 Ne3 22. Rc1 Nxg2 23. Rf1 Ne3 24. Rc1 Bd5 25. Kf2 Rxc4 26. Nxc4 Nxc4 27. a4 Bf8 28. Bxf8 Kxf8 29. Ke2 Ke7 30. h4 f6 31. exf6+ Kxf6 32. Rf1 Nb2 33. Ra1 a5 34. Kd2 Kf5 35. Kc3 Nc4 36. Rf1 Kg4 37. Kd4 Kxh4 38. Rf2 Kg3 39. Rf1 Kg2 40. Rc1 h5 41. Kc3 h4 42. Rc2+ Kf3 43. Rh2 Kg3 44. Re2 Kxf4 45. Rf2+ Kg3 46. Rf6 g5 0-1